Qui sont ces médaillés en patinage artistique aux JO 2026 ? - Statistiques

Statistiques générales
  • Ce quiz a été pris 77 fois
  • Le résultat moyen est 8 sur 16
Statistiques - réponses
Par images Hint Réponse % Correct
États Unis Alysa Liu
97%
États Unis Illia Malinin
87%
France Guillaume Cizeron / Laurence Fournier-Beaudry
82%
États Unis Amber Glenn
79%
Japon Kaori Sakamoto
67%
États Unis Evan Bates / Madison Chock
56%
Kazakhstan Mikhail Shaidorov
54%
Japon Shun Sato
49%
Japon Ami Nakai
46%
Japon Yuma Kagiyama
46%
Italie Daniel Grassl
41%
Canada Piper Gilles / Paul Poirier
39%
Italie Marco Fabbri / Charlène Guignard
26%
Japon Ryuichi Kihara / Riku Miura
25%
Géorgie Luka Berulava / Anastasiia Metelkina
20%
Allemagne Minerva Fabienne Hase / Nikita Volodin
18%
Aucun quiz correspondant
Distribution des résultats
% des personnes avec chaque résultat
Percentile par nombre de réponses
Votre historique - résultats
Vous n’avez pas pris ce quiz